Movies Quiz

Random Movies or Nominee Quiz
Score 0/20 Timer 05:00
2 Plays Today
% Correct
Matt Damon
92%
Al Pacino
89.5%
John Travolta
89.5%
Bradley Cooper
88.6%
Dustin Hoffman
88.2%
Tom Hanks
87.8%
Ralph Fiennes
84.4%
Joaquin Phoenix
84%
Tom Cruise
83.5%
Brad Pitt
82.7%
% Correct
Jamie Foxx
81.9%
George Clooney
81.4%
Woody Harrelson
80.6%
Christophen Walken
80.6%
Sean Penn
79.3%
Sam Rockwell
75.9%
Joe Pesci
75.5%
Ed Harris
73.8%
Edward Norton
72.6%
Tommy Lee Jones
69.6%
Remove Ads.
Support Sporcle.
Get the best of Sporcle when you Go Orange. This ad-free experience offers more features, more stats, and more fun while also helping to support Sporcle. Thank you for becoming a member.

You're not logged in!

Compare scores with friends on all Sporcle quizzes.
OR
Log In

Sporcle TV

Today on Sporcle TV


Watch our educational content, quiz creation guides, and fun videos on Sporcle TV.

Show Comments

Extras

Top Quizzes Today


Score Distribution

Paid Content

Your Account Isn't Verified!

In order to create a playlist on Sporcle, you need to verify the email address you used during registration. Go to your Sporcle Settings to finish the process.

Report this User

Report this user for behavior that violates our Community Guidelines.

Details: